Central Library OPAC University of Rajshahi

New patterns of management / (Record no. 59633)

MARC details
000 -LEADER
fixed length control field 00646nam a2200229 a 4500
001 - CONTROL NUMBER
control field 59633
003 - CONTROL NUMBER IDENTIFIER
rucl marc code BD-RjUL
005 - DATE AND TIME OF LATEST TRANSACTION
control field 20211209080743.0
008 - FIXED-LENGTH DATA ELEMENTS--GENERAL INFORMATION
fixed length control field 161226s1961 nyua b 000 0 eng
035 ## - SYSTEM CONTROL NUMBER
System control number (BD-RjUL)59757
040 ## - CATALOGING SOURCE
Original cataloging agency DLC
Transcribing agency URB
Modifying agency SER
-- m.c
-- SER
Language of cataloging eng
041 ## - LANGUAGE CODE
Language code of text/sound track or separate title eng
082 ## - DEWEY DECIMAL CLASSIFICATION NUMBER
Edition number 23
Classification number 658
Author mark and year LIN 1961
100 1# - MAIN ENTRY--PERSONAL NAME
Personal name Likert, Rensis,
Dates associated with a name 1903-1981
9 (RLIN) 177442
245 10 - TITLE STATEMENT
Title New patterns of management /
Remainder of title Rensis Likert
260 ## - PUBLICATION, DISTRIBUTION, ETC. (IMPRINT)
Place of publication, distribution, etc. New York :
Name of publisher, distributor, etc. McGraw-Hill,
Date of publication, distribution, etc. 1961
300 ## - PHYSICAL DESCRIPTION
Pagination 279 p. :
Illustrations ill. ;
Size 24 cm
504 ## - BIBLIOGRAPHY, ETC. NOTE
Bibliography, etc Includes bibliography
650 #0 - SUBJECT ADDED ENTRY--TOPICAL TERM
Topical term or geographic name as entry element Industrial management
9 (RLIN) 171014
Topical term or geographic name as entry element management
9 (RLIN) 172842
942 ## - ADDED ENTRY ELEMENTS (KOHA)
Source of classification or shelving scheme Dewey Decimal Classification
Koha item type Books
Holdings
Lost status Source of classification or shelving scheme Damaged status Not for loan Collection code Permanent Location Current Location Shelving location Date acquired Source of acquisition Cost, normal purchase price Total Checkouts Full call number Date last seen Copy number Koha item type
  Dewey Decimal Classification   Not For Loan Non-fiction Central Library, University of Rajshahi Central Library, University of Rajshahi Reading Room 25/11/1967 Zeitlinger 30.00   658 LIN 1961 26/12/2016 C-1 Books
  Dewey Decimal Classification     Non-fiction Central Library, University of Rajshahi Central Library, University of Rajshahi   08/04/1967 Book view 45.00   658 LIN 1961 07/06/2017 C-2 Books